000 003010000a22001450004500
003 MACL
040 _aMACL
090 _c6180
_d6179
100 _aLomperis, Timothy J.
245 _aHindu Influence on Greek Philosophy
260 _bIndia
350 _a50
650 _aPhilosophy
942 _cBOOK
_k100
999 _c6132
_d6132